Experiência e formaçao em Theodor W. Adorno (Record no. 858483)
[ view plain ]
| 000 -CABECERA | |
|---|---|
| Campo de control de longitud fija | 00586nab a2200157 4500 |
| 003 - IDENTIFICADOR DEL NÚMERO DE CONTROL | |
| Campo de control | ES-SlBCS |
| 005 - FECHA Y HORA DE LA ÚLTIMA TRANSACCIÓN | |
| Campo de control | 20210327231242.0 |
| 008 - CÓDIGOS DE INFORMACIÓN DE LONGITUD FIJA | |
| Campo de control de longitud fija | 160907s2015 bl ||||| |||| 00| 0 por d |
| 040 ## - FUENTE DE LA CATALOGACIÓN | |
| Centro catalogador del origen | ES-SlBCS |
| Lengua de catalogación | spa |
| 100 1# - PUNTO DE ACCESO PRINCIPAL-NOMBRE DE PERSONA | |
| Nombre de persona | Petry, Franciele Bete |
| 9 (RLIN) | 411219 |
| 245 10 - MENCIÓN DE TÍTULO | |
| Título | Experiência e formaçao em Theodor W. Adorno |
| Mención de responsabilidad, etc. | Franciele Bete Petry |
| 246 11 - VARIANTE DE TÍTULO | |
| Título propio / Titulo en breve | Experience and training in Theodor W. Adorno |
| 600 10 - PUNTO DE ACCESO ADICIONAL DE MATERIA-NOMBRE DE PERSONA | |
| Nombre personal | Adorno, Theodor W. |
| Fechas asociadas con el nombre | , 1903-1969 |
| Subdivisión general | Crítica e interpretación |
| 9 (RLIN) | 124053 |
| 773 0# - ENLACE AL DOCUMENTO FUENTE | |
| Parte(s) relacionada(s) | Vol. 29, Nº 57, 2015, págs. 455-488 |
| Título | Educaçao e Filosofia |
| Número de control del registro relacionado | Rev1534 |
| Número Internacional Normalizado para Publicaciones Seriadas (ISSN) | 0102-6801 |
| 942 ## - ENTRADA DE ELEMENTOS AGREGADOS (KOHA) | |
| Fuente de clasificaión o esquema | |
| Koha [por defecto] tipo de item | Artículos de revista |
| Suprimido | Perdido | Fuente de clasificación o esquema | Estropeado | No para préstamo | Localización permanente | Localización actual | Localización en estantería | Fecha adquisición | Préstamos totales | Fecha última consulta | Fecha del precio de reemplazo | Tipo de item de Koha |
|---|---|---|---|---|---|---|---|---|---|---|---|---|
| San Esteban | San Esteban | Depósito de revistas | 07/09/2016 | 07/09/2016 | 07/09/2016 | Artículos de revista |
